BSOP header

Cross-cultural servanthood : (Record no. 33029)

MARC details
000 -LEADER
fixed length control field 01577nam a2200229 4500
008 - FIXED-LENGTH DATA ELEMENTS--GENERAL INFORMATION
fixed length control field 090427s2006 ilua b 000 0 eng
020 ## - INTERNATIONAL STANDARD BOOK NUMBER
International Standard Book Number 0830833781
020 ## - INTERNATIONAL STANDARD BOOK NUMBER
International Standard Book Number 9780830833788
090 ## - LOCALLY ASSIGNED LC-TYPE CALL NUMBER (OCLC); LOCAL CALL NUMBER (OCLC)
Classification number (OCLC) (R) ; Classification number, CALL (RLIN) (NR) BT738.4
Local cutter number (OCLC) ; Book number/undivided call number, CALL (RLIN) El6
-- 2006
100 1# - MAIN ENTRY--PERSONAL NAME
Personal name Elmer, Duane,
Dates associated with a name 1943-
245 10 - TITLE STATEMENT
Title Cross-cultural servanthood :
Remainder of title serving the world in Christlike humility /
Statement of responsibility, etc Duane Elmer.
260 ## - PUBLICATION, DISTRIBUTION, ETC. (IMPRINT)
Place of publication, distribution, etc Downers Grove, Ill. :
Name of publisher, distributor, etc IVP Books,
Date of publication, distribution, etc c2006.
300 ## - PHYSICAL DESCRIPTION
Extent 212 p. :
Other physical details ill. ;
Dimensions 21 cm.
504 ## - BIBLIOGRAPHY, ETC. NOTE
Bibliography, etc Includes bibliographical references (p. 207-212).
505 0# - FORMATTED CONTENTS NOTE
Formatted contents note Part I: Servanthood : basic perspectives -- Servanthood : its burden and challenge -- Servanthood : choosing the towel or the robe -- Humility : posture of the servant -- Part II: Servanthood : the process -- Openness : welcoming others into your presence -- Acceptance : communicating respect for others -- Trust : building confidence in relationships -- Learning : seeking information that changes you -- Learning : biblical foundations for change -- Understanding : seeing through the other's eyes -- Serving : becoming like Christ to others -- Part III: Servanthood : the challenges -- The servant and leadership -- The servant and power -- The servant and mystery -- The servant model : Joseph.
600 14 - SUBJECT ADDED ENTRY--PERSONAL NAME
Personal name Jesus Christ
General subdivision Servanthood.
650 #4 - SUBJECT ADDED ENTRY--TOPICAL TERM
Topical term or geographic name as entry element Intercultural communication
General subdivision Religious aspects
-- Christianity.
650 #4 - SUBJECT ADDED ENTRY--TOPICAL TERM
Topical term or geographic name as entry element Service (Theology)
951 ## - EQUIVALENCE OR CROSS-REFERENCE-GEOGRAPHIC NAME/AREA NAME [OBSOLETE] [CAN/MARC only]
General subdivision 00037605
856 41 - ELECTRONIC LOCATION AND ACCESS
Materials specified Table of contents only
Uniform Resource Identifier http://www.loc.gov/catdir/toc/ecip063/2005033143.html
951 ## - EQUIVALENCE OR CROSS-REFERENCE-GEOGRAPHIC NAME/AREA NAME [OBSOLETE] [CAN/MARC only]
-- 32803
-- BT738.4/El6/2006
-- 090427164006312
-- 2000-12-21
-- GC
Holdings
Withdrawn status Lost status Damaged status Not for loan Home library Current library Shelving location Date acquired Accession number Shelving control number Total Checkouts Full call number Barcode Date last seen Price effective from Koha item type
        BSOP Library BSOP Library GC 12/21/2000 32803 127   BT738.4/El6/2006 00037605 02/23/2013 02/23/2013 Books
BSOP

Biblical Seminary of the Philippines
  All rights Reserved
  © 2024

CONTACT INFORMATION

Biblical Seminary of the Philippines,
  77-B Karuhatan Road, Valenzuela City,
  PHILIPPINES 1441
  Phone: +632 8292-6795 / 8292-6798
  Fax : +632 8292-6675
  Email: library@bsop.edu.ph